| 000 | 00600nam a22002177i 4500 | ||
|---|---|---|---|
| 001 | 315 | ||
| 003 | OSt | ||
| 005 | 20170126082242.0 | ||
| 007 | tu | ||
| 008 | 161220s1988 xxu||||| |||| 00| 0 d | ||
| 024 | 7 |
_a314 _2RID |
|
| 040 | _cOSt | ||
| 084 |
_a3.21 _a8.23 _2z |
||
| 100 | 1 | _aBatt, Judy | |
| 245 | 0 | 0 | _aEconomic Reform and Political Change in Eastern Europe.A Comparison of the Czechoslovak and Hungarian Experiences |
| 260 |
_aHampshire : _bMacMillan Press, _c1988. |
||
| 300 |
_a523 S. ; _c21cm. |
||
| 490 | _aStudies in Soviet History and Society | ||
| 651 | _aEastern Europe | ||
| 651 | _aHungary | ||
| 942 | _cB | ||
| 999 |
_c311 _d311 |
||